<?xml version="1.0" encoding="UTF-8"?>
<collection xmlns="http://www.loc.gov/MARC21/slim">
  <record>
    <leader>00000nam  2200000   4500</leader>
    <controlfield tag="001">INLIS000000000003337</controlfield>
    <controlfield tag="005">20190911015803</controlfield>
    <datafield tag="035" ind1="#" ind2="#">
      <subfield code="a">0010-0718003337</subfield>
    </datafield>
    <controlfield tag="008">190911################g##########0#ind##</controlfield>
    <datafield tag="020" ind1="#" ind2="#">
      <subfield code="a">9796054663</subfield>
    </datafield>
    <datafield tag="041" ind1=" " ind2=" ">
      <subfield code="a">id</subfield>
    </datafield>
    <datafield tag="082" ind1="#" ind2="#">
      <subfield code="a">R. 297.53</subfield>
    </datafield>
    <datafield tag="090" ind1=" " ind2=" ">
      <subfield code="a">R. 297.53 Wij p</subfield>
    </datafield>
    <datafield tag="100" ind1=" " ind2="#">
      <subfield code="a">Wijayakusuma, H.M. Hembing</subfield>
    </datafield>
    <datafield tag="245" ind1="1" ind2="#">
      <subfield code="a">Puasa Itu Sehat : Manfaat Puasa Bagi Kesehatan, Resep-resep Hidangan Sahur&amp; Berbuka Puasa yang Berkhasiat Obat /</subfield>
      <subfield code="c">H.M. Hembing Wijayakusuma</subfield>
    </datafield>
    <datafield tag="250" ind1="#" ind2="#">
      <subfield code="a">Cet. Ketiga</subfield>
    </datafield>
    <datafield tag="260" ind1="#" ind2="#">
      <subfield code="a">Jakarta :</subfield>
      <subfield code="b">Gramedia Putaka Utama,</subfield>
      <subfield code="c">2000</subfield>
    </datafield>
    <datafield tag="300" ind1="#" ind2="#">
      <subfield code="a">vi; 72 hlm. :</subfield>
      <subfield code="b">ilus ;</subfield>
      <subfield code="c">24 cm</subfield>
    </datafield>
    <datafield tag="650" ind1=" " ind2="#">
      <subfield code="a">Puasa &amp; Sehat</subfield>
    </datafield>
    <datafield tag="084" ind1="#" ind2="#">
      <subfield code="a">R. 297.53 Wij p</subfield>
    </datafield>
    <datafield tag="520" ind1="#" ind2="#">
      <subfield code="a">Mencapai kesehatan rohani sekaligus kesehatan jasmani dengan berpuasa tentunya sangat diharapkan oleh mereka yang melakukan ibadah puasa. Buku yang ditulis oleh pakar di bidang kesehatan ini sangat tepat dibaca untuk mencapai tujuan tersebut. Dalam buku ini, Prof. Hembing berusaha menggali makna ayat-ayat Al-Qur'an maupun hadis yang berhubungan dengan ibadah puasa, yang mengandung hikmah luar biasa. Dari situ terkupas makna puasa yang mendalam sesuai dengan ilmu pengetahuan, sehingga dapat diterima secara logis bahwa puasa memang mengandung hikmah kesehatan dan penyembuhan  bagi para pelakunya. Selain itu, dijelaskan pula pengaruh puasa terhadap kesehatan dan penyembuhan serta mekanismenya secara ilmiah. Buku ini sangat praktis untuk digunakan sebagai pegangan dalam berpuasa karena selain mengutarakan hal-hal di atas, buku ini menyajikan lebih dari 40 resep hidangan sahur dan berbuka puasa yang berkhasiat obat, yang disertai pula dengan uraian khasiat hidangan tersebut dan khasiat bahan utamanya. Semuanya dibuat dengan tujuan agar para pelaku puasa tidak terganggu  aktivitas sehari-harinya karena kekurangan tenaga atau terganggu kesehatannya.</subfield>
    </datafield>
    <datafield tag="856" ind1="#" ind2="#">
      <subfield code="a">Perpustakaan Lembaga Administrasi Negara</subfield>
    </datafield>
    <datafield tag="990" ind1="#" ind2="#">
      <subfield code="a">0408295</subfield>
    </datafield>
    <datafield tag="990" ind1="#" ind2="#">
      <subfield code="a">04088296</subfield>
    </datafield>
    <datafield tag="990" ind1="#" ind2="#">
      <subfield code="a">0408295</subfield>
    </datafield>
    <datafield tag="990" ind1="#" ind2="#">
      <subfield code="a">04088296</subfield>
    </datafield>
    <datafield tag="990" ind1="#" ind2="#">
      <subfield code="a">04088296</subfield>
    </datafield>
    <datafield tag="990" ind1="#" ind2="#">
      <subfield code="a">0408295</subfield>
    </datafield>
  </record>
</collection>
